书目信息 |
| 题名: |
唐山工业职业技术学院特色办学30年
|
|
| 作者: | ;《唐山工业职业技术学院特色办学30年》编委会 编 | |
| 分册: | ||
| 出版信息: | 北京 中国轻工业出版社 2011.09 |
|
| 页数: | 234页 | |
| 开本: | 24cm | |
| 丛书名: | ||
| 单 册: | ||
| 中图分类: | G719.2 | |
| 科图分类: | ||
| 主题词: | ||
| 电子资源: | ||
| ISBN: | 978-7-5019-8453-4 | |
| 000 | 00798nam0 2200169 450 | |
| 001 | 202411052884174303 | |
| 005 | 20241105142653.62 | |
| 010 | @a978-7-5019-8453-4@d¥26.00 | |
| 100 | @a20241105d km y0chiy0120 ea | |
| 101 | 0 | @achi |
| 200 | 1 | @a唐山工业职业技术学院特色办学30年@ATang Shan Gong Ye Zhi Ye Ji Shu Xue Yuan Te Se Ban Xue 30 Nian@f《唐山工业职业技术学院特色办学30年》编委会编@F《Tang Shan Gong Ye Zhi Ye Ji Shu Xue Yuan Te Se Ban Xue 30 Nian》Bian Wei Hui Bian |
| 210 | @a北京@c中国轻工业出版社@d2011.09 | |
| 215 | @a234页@d24cm | |
| 690 | @aG719.2@v4 | |
| 711 | 02 | @a《唐山工业职业技术学院特色办学30年》编委会@A《Tang Shan Gong Ye Zhi Ye Ji Shu Xue Yuan Te Se Ban Xue 30 Nian》Bian Wei Hui@4编 |
| 801 | 0 | @aCN@b大连网信软件有限公司图书馆·11@c20241105 |
| 905 | @aZUCC@b7511428@dG719.2@e73@f1 | |
| 唐山工业职业技术学院特色办学30年/《唐山工业职业技术学院特色办学30年》编委会编.-北京:中国轻工业出版社,2011.09 |
| 234页;24cm |
| ISBN 978-7-5019-8453-4:¥26.00 |
| ● |
| 相关链接 |
|
|
|
|
正题名:唐山工业职业技术学院特色办学30年
索取号:G719.2/73
 
预约/预借
| 序号 | 登录号 | 条形码 | 馆藏地/架位号 | 状态 | 备注 |
| 1 | 7511428 | 275114289 | 密集书库-史法系/ [索取号:G719.2/73] | 在馆 |